000 00246nam a22001097a 4500
082 _a823
_bORI/F
100 _aORIENT LONGMAN
245 _aTHE FLAME OF THE FOREST
260 _bORIENT LONGMAN
_c1992
650 _aPASSAGE LEAFLET
_zINDIA
942 _cBK
999 _c4025
_d4025